[Event "IRL-ch 100th Weekend op"]
[Site "Dublin"]
[Date "2021.08.07"]
[Round "2"]
[White "Fitzgerald, Niall"]
[Black "Gupta, Utkarsh1111"]
[Result "0-1"]
[WhiteElo "1549"]
[BlackElo "1868"]
[PlyCount "119"]
[EventDate "2021.08.06"]
[EventType "swiss"]
[EventRounds "5"]
[EventCountry "IRL"]
[SourceTitle "EXT 2022"]
[Source "ChessBase"]
[SourceDate "2021.10.06"]
[SourceVersion "1"]
[SourceVersionDate "2021.10.06"]
[SourceQuality "1"]

1. e4 e6 2. d4 d5 3. Nc3 dxe4 4. Nxe4 Nd7 5. Nf3 Ngf6 6. Bd3 Be7 7. Nxf6+ Nxf6 8. Qe2 0-0 9. Bg5 Rb8 10. 0-0-0 b6 11. Ne5 Bb7 12. Bb5 Qd6 13. c4 a6 14. Ba4 b5 15. c5 Qd8 16. Bc2 Nd5 17. Bxe7 Nxe7 18. c6 Nxc6 19. Qe4 f5 20. Qf4 Nxe5 21. Qxe5 Bd5 22. Kb1 Qd6 23. Rhe1 Rbd8 24. f3 Rf6 25. Re3 Qxe5 26. Rxe5 Rd6 27. Rd3 Rf8 28. Rc3 Rc8 29. b3 Kf7 30. Kc1 Bb7 31. Rd3 Rcd8 32. Rde3 Bc8 33. Rc5 R8d7 34. Rec3 Rxd4 35. Rxc7 Bb7 36. Rxd7+ Rxd7 37. Rc5 Ke7 38. Re5 Kf6 39. Re2 Rd5 40. f4 Rd4 41. g3 h5 42. h4 Be4 43. Re3 e5 44. Rc3 exf4 45. gxf4 Bxc2 46. Kxc2 Rxf4 47. Rc6+ Ke5 48. Rxa6 Rxh4 49. Rb6 b4 50. Rb5+ Kf6 51. Kd3 Rg4 52. Rb8 h4 53. Rh8 Kg5 54. Ke3 Rg2 55. Rh7 g6 56. Rb7 Rxa2 57. Rxb4 h3 58. Kf3 h2 59. Kg3 h1Q 60. Rg4+ 0-1

[Event "Bunratty Online"]
[Site "Chess.com INT"]
[Date "2021.02.20"]
[Round "4"]
[White "Fitzgerald, Niall"]
[Black "Mirza, Diana"]
[Result "1-0"]
[WhiteElo "1549"]
[BlackElo "1933"]
[PlyCount "51"]
[EventDate "2021.02.20"]
[EventType "swiss (blitz)"]
[EventRounds "9"]
[EventCountry "IRL"]
[SourceTitle "CBM 200 Extra"]
[Source "ChessBase"]
[SourceDate "2021.03.31"]
[SourceVersion "1"]
[SourceVersionDate "2021.03.31"]
[SourceQuality "1"]

1. e4 d5 2. exd5 Qxd5 3. Nc3 Qd8 4. d4 Nf6 5. Nf3 Bg4 6. h3 Bxf3 7. Qxf3 c6 8. Be3 e6 9. Bd3 Be7 10. 0-0 0-0 11. Rad1 Nbd7 12. Ne4 Nd5 13. Bd2 N7f6 14. c4 Nxe4 15. Bxe4 Nf6 16. Bf4 Nxe4 17. Qxe4 Bf6 18. Rfe1 Qb6 19. b3 Rad8 20. Re3 Rd7 21. Red3 Rfd8 22. d5 cxd5 23. cxd5 exd5 24. Rxd5 Rxd5 25. Rxd5 Rxd5 26. Qe8# 1-0

[Event "IRL-ch First Weekend Major"]
[Site "Dublin"]
[Date "2018.08.04"]
[Round "3.7"]
[White "Lynch, Peter J"]
[Black "Fitzgerald, Niall"]
[Result "1-0"]
[WhiteElo "1712"]
[BlackElo "1520"]
[PlyCount "63"]
[EventDate "2018.08.03"]
[EventType "swiss"]
[EventRounds "5"]
[EventCountry "IRL"]
[SourceTitle "EXT 2023"]
[Source "ChessBase"]
[SourceDate "2022.10.05"]
[SourceVersion "1"]
[SourceVersionDate "2022.10.05"]
[SourceQuality "1"]

1. e4 e5 2. Nf3 Nc6 3. d4 exd4 4. c3 dxc3 5. Bc4 d6 6. Qb3 Qd7 7. Nxc3 Nf6 8. Ng5 Ne5 9. Bb5 c6 10. f4 cxb5 11. fxe5 dxe5 12. Be3 b4 13. Rd1 Qe7 14. Bc5 Be6 15. Nxe6 Qxe6 16. Qxb4 Bxc5 17. Qxc5 Qe7 18. Qb5+ Kf8 19. 0-0 g6 20. Rf3 Kg7 21. Rdf1 Nh5 22. Nd5 Qf8 23. Qd7 Nf4 24. Nxf4 exf4 25. Rxf4 Kh6 26. Rxf7 Qc5+ 27. Kh1 Qe5 28. R7f3 Qxe4 29. Rh3+ Kg5 30. Qd2+ Kg4 31. Rg3+ Kh5 32. Qg5# 1-0

[Event "Robinson Cup U14"]
[Site "Cardiff"]
[Date "2017.07.25"]
[Round "3.4"]
[White "Fitzgerald, Niall"]
[Black "Atara, Omeet J"]
[Result "0-1"]
[WhiteElo "1518"]
[BlackElo "1616"]
[PlyCount "78"]
[EventDate "2017.07.24"]
[EventType "team-tourn"]
[EventRounds "5"]
[EventCountry "WLS"]
[SourceTitle "EXT 2023"]
[Source "ChessBase"]
[SourceDate "2022.10.05"]
[SourceVersion "1"]
[SourceVersionDate "2022.10.05"]
[SourceQuality "1"]
[WhiteTeam "Ireland U14 II"]
[BlackTeam "England U14"]
[WhiteTeamCountry "IRL"]
[BlackTeamCountry "ENG"]

1. e4 d5 2. exd5 Qxd5 3. Nc3 Qa5 4. d4 c6 5. Nf3 Bf5 6. Nh4 Bg6 7. Bf4 Bh5 8. g4 g5 9. Bd2 gxh4 10. gxh5 Nf6 11. Ne4 Qf5 12. Nc5 Ne4 13. Be3 Nxc5 14. dxc5 Nd7 15. Qd4 Rg8 16. 0-0-0 Bg7 17. Rg1 Bxd4 18. Rxg8+ Nf8 19. Bh6 Bxb2+ 20. Kb1 e5 21. Rxf8+ Ke7 22. Rxa8 Qxh5 23. Bf8+ Ke6 24. Rd6+ Kf5 25. Bd3+ e4 26. Bxe4+ Kxe4 27. Re8+ Be5 28. Bg7 f6 29. Ree6 Kf5 30. Rxe5+ fxe5 31. a3 Qe2 32. Rf6+ Ke4 33. f3+ Ke3 34. Re6 Qd1+ 35. Kb2 Qd4+ 36. Kb1 Kxf3 37. Bxe5 Qxc5 38. Bb2 Qg1+ 39. Ka2 Qg8 0-1

[Event "Robinson Cup U14"]
[Site "Cardiff"]
[Date "2017.07.25"]
[Round "4.4"]
[White "Randrianarimanana, Alicia"]
[Black "Fitzgerald, Niall"]
[Result "1-0"]
[WhiteElo "1752"]
[BlackElo "1518"]
[PlyCount "79"]
[EventDate "2017.07.24"]
[EventType "team-tourn"]
[EventRounds "5"]
[EventCountry "WLS"]
[SourceTitle "EXT 2023"]
[Source "ChessBase"]
[SourceDate "2022.10.05"]
[SourceVersion "1"]
[SourceVersionDate "2022.10.05"]
[SourceQuality "1"]
[WhiteTeam "France U14"]
[BlackTeam "Ireland U14 II"]
[WhiteTeamCountry "FRA"]
[BlackTeamCountry "IRL"]

1. d4 Nf6 2. Nf3 c5 3. e3 e6 4. Bd3 d5 5. b3 Nc6 6. Bb2 b6 7. Nbd2 Bb7 8. a3 Bd6 9. 0-0 a6 10. c4 Rc8 11. Qe2 Ne7 12. Rac1 0-0 13. dxc5 Bxc5 14. cxd5 Nfxd5 15. b4 Bd6 16. Bxa6 Bxa6 17. Qxa6 Qd7 18. Rfd1 f5 19. Qe2 h6 20. Nc4 Ng6 21. Qd2 Rfd8 22. g3 Bb8 23. Nxb6 Nxb6 24. Qxd7 Rxd7 25. Rxc8+ Nxc8 26. Rxd7 Nge7 27. b5 Kf7 28. a4 Ke8 29. Rb7 Bd6 30. Bxg7 h5 31. a5 Bc5 32. Rc7 Bd6 33. Rc2 Na7 34. b6 Nac6 35. a6 Bb8 36. Bd4 Kd7 37. Bf6 Na7 38. bxa7 Bxa7 39. Bxe7 Kxe7 40. Rc7+ 1-0